Cơ sở khoa học xác định cơ cấu cây trồng

Gorde:
Xehetasun bibliografikoak
Egile nagusia: Đào Thế Tuấn (Tác giả)
Formatua: Liburua
Hizkuntza:Vietnamese
Argitaratua: H. Nông nghiệp 1977
Edizioa:In lần 2
Gaiak:
Etiketak: Etiketa erantsi
Etiketarik gabe, Izan zaitez lehena erregistro honi etiketa jartzen!
Thư viện lưu trữ: Mạng thư viện Đại học Đà Nẵng
LEADER 01112nam a22003618a 4500
001 000013636
003 9980
005 20120320090353.0
008 120320s1977 b 000 0 vieod
020 |c 0đ  |d 11070b 
041 0 |a vie 
082 |a 631.5  |b ĐA-T 
084 |a M 
100 1 |a Đào Thế Tuấn 
245 1 0 |a Cơ sở khoa học xác định cơ cấu cây trồng  |c Đào Thế Tuấn 
250 |a In lần 2 
260 |a H.  |b Nông nghiệp  |c 1977 
300 |a 134tr  |c 19cm 
653 |a khoa học 
653 |a cơ cấu 
653 |a cây trồng 
700 1 |a Đào Thế Tuấn  |e Tác giả 
910 |a Nguyễn Thị Lê Na 
OWN |a LSP 
AVA |a UDN50  |b LSP  |d 631.5 ĐA-T  |e available  |t Error 5001 Not defined in file expand_doc_bib_avail.  |f 2  |g 0  |h N  |i 0  |k 1 
999 |a From the UDN01 
AVA |a UDN50  |b LSP  |d 631.5 ĐA-T  |e available  |t Error 5001 Not defined in file expand_doc_bib_avail.  |f 2  |g 0  |h N  |i 0  |k 1 
TYP |a Monograph 
TYP |a Printed language 
980 |a Mạng thư viện Đại học Đà Nẵng